000 01777nam a22002177a 4500
003 OSt
005 20210414151820.0
008 210414s1998 ck ad||fr|||| 00| 0 spa d
020 _a9588025303
040 _aCO-JMCR
_cCO-JMCR
041 0 _aspa
082 0 4 _a352.29 /
_bD419b
_223
110 1 _aColombia.
_bDepartamento Nacional de Planeación
_94087
245 1 3 _aEl BPIN para principiantes /
_cDepartamento Nacional de Planeación
250 _aPrimera edición
260 _aBogotá :
_bDepartamento Nacional de Planeación,
_c1998
300 _a40 páginas :
_bilustraciones y gráficas a blanco y negro ;
_c23 cm.
505 0 _a¿Qué no es el BPIN? -- ¿Qué es el BPIN? -- ¿Cuál es la misión del BPIN? -- ¿Cuáles son las funciones del BPIN? -- ¿Para qué sirve el BPIN? -- ¿Qué objetivos se buscan con el BPIN? -- ¿Qué motivó la creación de BPIN? -- ¿Cuándo fue creado el BPIN? -- ¿El proceso de implantación del BPIN m Colombia contó con el apoyo internacional? -- ¿Quiénes hacen parte del sistema BPIN? -- ¿Cómo está organizado el BPIN? -- Cuáles son los componentes del BPIN? -- ¿Cuáles son las funciones de a división de operación y sistema del BPIN? -- ¿Qué es la ficha EBI? -- ¿Cómo fluye la información sobre programas y proyectos de inversión pública desde las entidades hacia el BPIN? -- ¿En qué fecha se pueden registrar programas y proyectos en el BPIN? -- ¿Cuál es la visión del BPIN? -- ¿Cuál es la visión de la división de operación y sistemas del BPIN? -- ¿Cuál es la relación del BPIN con los bancos departamentales y municipales de programas y proyectos? -- ¿Cómo comunicarse con el administrador del BPIN?
650 1 4 _aProyectos de desarrollo
_xFinanciación
_zColombia
_936841
942 _2ddc
_cBK
999 _c15539
_d15539